[Event "2nd Jerry Hanken Memorial"]
[Site "Stillwater USA"]
[Date "2011.02.20"]
[Round "4.2"]
[White "Wawrzaszek,J"]
[Black "Orton,W"]
[Result "0-1"]
[WhiteElo "2016"]
[BlackElo "2133"]

1.e4 c5 2.Nf3 e6 3.d4 cxd4 4.Nxd4 a6 5.Nc3 b5 6.Bd3 Bb7 7.O-O Nc6 8.Nxc6 Bxc6
9.Re1 Be7 10.e5 d5 11.Ne2 Bc5 12.c3 Qb6 13.Nd4 Bxd4 14.cxd4 Qxd4 15.Bxb5 Qb6
16.Bxc6+ Qxc6 17.Bg5 Ne7 18.Rc1 Qd7 19.Bxe7 Qxe7 20.Qa4+ Qd7 21.Qa3 Qe7 22.Qxe7+ Kxe7
23.Rc7+ Kf8 24.Rec1 g5 25.Rb7 Kg7 26.Rcc7 Rhf8 27.g4 Rac8 28.Rxc8 Rxc8 29.Ra7 Rc2
30.Rxa6 Rxb2 31.Kf1 Rb4 32.f3 Rb1+ 33.Kf2 Rb2+ 34.Kg3 Re2 35.h4 gxh4+ 36.Kxh4 Rxe5
37.a4 Re3 38.Kg3 e5 39.Kf2 d4 40.Ra7 Ra3 41.a5 Ra2+ 42.Kg3 Kf6 43.g5+ Kxg5
44.Rxf7 h5 45.Rg7+ Kf6 46.Rh7 Rxa5 47.Rxh5 Ke6 48.Kf2 Ra2+ 49.Ke1 Ra3 50.Ke2 Re3+
51.Kf2 Kf6 52.Rh8 Ra3 53.Ke2 Ke6 54.Rh5 Ra2+ 55.Ke1 d3 56.Kd1 Rf2 57.Rh3 Kf5
58.Ke1 Re2+ 59.Kd1 Kf4 60.Kc1 Rf2  0-1

[Event "61st ch-RUS w 1st League"]
[Site "Ivanovo RUS"]
[Date "2011.02.21"]
[Round "1"]
[White "Galimzianova,A"]
[Black "Kabanova,E"]
[Result "0-1"]
[WhiteElo "1929"]
[BlackElo "2190"]

1.e4 c5 2.Nf3 e6 3.d4 cxd4 4.Nxd4 a6 5.Nc3 Qc7 6.g3 b5 7.Bg2 Bb7 8.O-O d6
9.Re1 Nd7 10.f4 Ngf6 11.g4 b4 12.Nb1 h6 13.g5 hxg5 14.fxg5 Nh5 15.g6 Ne5
16.gxf7+ Qxf7 17.c3 O-O-O 18.cxb4 Kb8 19.Nc3 Be7 20.b5 a5 21.Be3 Nf4 22.Rf1 Bg5
23.Nc6+ Nxc6 24.bxc6 Bxc6 25.Qb3+ Bb7 26.Qb6 Rd7 27.Rac1 Rc7 28.Bxf4 Bxf4
29.h3 Rc6 30.Qf2 g5 31.Rcd1 Ba6 32.Ne2 Rf8 33.Qf3 e5 34.Rd5 Qc7 35.Qh5 Rc2
36.Bf3 Qb6+ 37.Kh1 Qe3 38.Qh6 Rd8 39.Rxd6 Rxd6 40.Qxd6+ Kb7 41.Qd5+ Rc6 42.Qd7+ Rc7
43.Qd5+ Kb8 44.Qd8+ Kb7 45.Qd5+ Ka7 46.Qxa5 Rh7 47.Ng1 Kb7 48.Qd5+ Ka7 49.Qa5 Bg3
50.Kg2 Bh4 51.Ne2 g4 52.hxg4 Bd8 53.Qc3 Qh6 54.Rg1 Qh2+ 55.Kf1 Bxe2+ 56.Bxe2 Rf7+
57.Bf3 Qh3+ 58.Ke2 Bb6 59.Rf1 Qh2+ 60.Ke1 Rd7 61.Qc2 Ba5+  0-1

[Event "61st ch-RUS w 1st League"]
[Site "Ivanovo RUS"]
[Date "2011.02.21"]
[Round "1"]
[White "Komiagina,M"]
[Black "Karavaeva,N"]
[Result "1-0"]
[WhiteElo "2272"]
[BlackElo "1979"]

1.e4 c5 2.Nf3 e6 3.d4 cxd4 4.Nxd4 a6 5.Nc3 b5 6.Bd3 Bb7 7.O-O Qc7 8.Re1 Nc6
9.Nxc6 Qxc6 10.a4 b4 11.Nd5 Qd6 12.Bf4 e5 13.Bd2 a5 14.c3 Nf6 15.cxb4 Bxd5
16.exd5 Be7 17.Bc3 O-O 18.Bxe5 Qxb4 19.d6 Bd8 20.Bc3 Qf4 21.g3 Qg5 22.Re5 Qg4
23.f3 Qh3 24.Bf5 Qh6 25.Bd2 Qh5 26.Rb5 Ra6 27.Be3 Ne8 28.Bxd7 Qg6 29.Bf5 Qxd6
30.Bc5 Bb6 31.Qxd6 Nxd6 32.Rxb6 Rxb6 33.Bxb6 Nxf5 34.Bxa5 Nd4 35.Bb6 Nxf3+
36.Kg2 Ne5 37.Re1 f6 38.a5 Nc4 39.b4 Nxb6 40.axb6 Rb8 41.Re6 Kf7 42.Rc6 Kg6
43.Kf3 Kf5 44.Ke3 Ke5 45.Kd3 Kd5 46.b5 h5 47.Kc3 h4 48.Kb4 hxg3 49.hxg3 Kd4
50.Rd6+ Ke4 51.Kc5  1-0

[Event "US Amateur Team-ch East"]
[Site "Parsippany USA"]
[Date "2011.02.21"]
[Round "6"]
[White "Miller,Jake S"]
[Black "Mirabile,T"]
[Result "1/2-1/2"]
[WhiteElo "1990"]
[BlackElo "2165"]

1.e4 c5 2.Nf3 e6 3.d4 cxd4 4.Nxd4 a6 5.Nc3 Qc7 6.g3 Nc6 7.Bg2 Nf6 8.O-O Bc5
9.Nxc6 dxc6 10.Na4 Ba7 11.c4 b5 12.e5 Nd7 13.cxb5 axb5 14.Nc3 Bb7 15.Ne4 O-O
16.Qd6 Bb8 17.Qxc7 Bxc7 18.Bf4 Bxe5 19.Bxe5 Nxe5 20.Nc5 Ra7 21.Rfe1 Nc4 22.b3 Na3
23.Nxb7 Rxb7 24.Rac1 Rc7 25.Rxc6 Rxc6 26.Bxc6 Rc8 27.Rd1 Kf8 28.Be4 Ke7 29.h4 h6
30.Bd3 b4 31.Kf1 Rc5  1/2-1/2

[Event "ch-Subotica Open 2011"]
[Site "Subotica SRB"]
[Date "2011.02.23"]
[Round "2"]
[White "Meszaros,B"]
[Black "Mandovic,M"]
[Result "1-0"]
[WhiteElo "2307"]
[BlackElo "2031"]

1.e4 c5 2.Nf3 e6 3.d4 cxd4 4.Nxd4 a6 5.Nc3 d6 6.Be2 Nf6 7.O-O Be7 8.Kh1 Qc7
9.f4 Nc6 10.Be3 Bd7 11.Nb3 b5 12.a3 O-O 13.g4 Na5 14.Nxa5 Qxa5 15.g5 Ne8
16.f5 Qc7 17.Qd2 Bc6 18.fxe6 fxe6 19.Bg4 Bd7 20.Qg2 Qd8 21.Qh3 Qc8 22.Nd5 Rxf1+
23.Rxf1 exd5 24.Bxd7 Qc4 25.Be6+ Kh8 26.Bxd5  1-0

[Event "61st ch-RUS w 1st League"]
[Site "Ivanovo RUS"]
[Date "2011.02.26"]
[Round "6"]
[White "Petrova,O"]
[Black "Markelova,L"]
[Result "1-0"]
[WhiteElo "2230"]
[BlackElo "2076"]

1.e4 c5 2.Nf3 e6 3.d4 cxd4 4.Nxd4 a6 5.Nc3 Qc7 6.Bd3 Nf6 7.O-O Bc5 8.Be3 b5
9.a3 d6 10.Kh1 Bb7 11.f4 Nc6 12.Nce2 O-O 13.e5 Ng4 14.Bg1 Qe7 15.exd6 Qxd6
16.b4 Nxd4 17.Nxd4 Bxd4 18.Bxd4 Qd5 19.Qxg4 Qxd4 20.Rad1 Qf6 21.f5 e5 22.Rde1 Rfd8
23.Qg3 Re8 24.Re3 h6 25.c4 e4 26.Be2 Re5 27.Qf4 bxc4 28.Bxc4 Bd5 29.Be2 Bb7
30.g4 Rae8 31.Kg1 Bc8 32.Bc4 Bd7 33.Rfe1 Bb5 34.Bb3 Bd3 35.Qg3 a5 36.bxa5 Ba6
37.h4 Rxa5 38.g5 hxg5 39.hxg5 Qxf5 40.g6 Rc8 41.Bxf7+ Kh8 42.Qh2+ Qh5 43.Rh3 Rg5+
44.Kh1 Rcc5 45.Rd1  1-0

[Event "11th Mediterranean Flower WGM"]
[Site "Rijeka CRO"]
[Date "2011.02.26"]
[Round "1.2"]
[White "Ionica,I"]
[Black "Kolaric,S"]
[Result "1-0"]
[WhiteElo "2248"]
[BlackElo "2049"]

1.e4 c5 2.Nf3 e6 3.d4 cxd4 4.Nxd4 a6 5.Nc3 b5 6.Bd3 d6 7.O-O Nf6 8.f4 Bb7
9.Qe2 Be7 10.Kh1 O-O 11.a4 b4 12.Na2 d5 13.e5 Ne4 14.c3 bxc3 15.Nxc3 Nxc3
16.bxc3 Nc6 17.Nf3 Qc7 18.Be3 Na5 19.Rab1 Nc4 20.Bd4 Rac8 21.Ng1 Bc6 22.Qh5 g6
23.Qh6 Rfe8 24.Rf3 Bf8 25.Qh4 Qe7 26.Qe1 Bxa4 27.Nh3 Bh6 28.Nf2 Rb8 29.Ra1 Bb5
30.Ng4 Bg7 31.Nf6+ Bxf6 32.exf6 Qf8 33.Rh3 h6 34.Qg3 Kh7 35.Bc5 Qxc5 36.Rxh6+  1-0

[Event "61st ch-RUS w 1st League"]
[Site "Ivanovo RUS"]
[Date "2011.02.28"]
[Round "8"]
[White "Andreeva,E"]
[Black "Sukhareva,E"]
[Result "0-1"]
[WhiteElo "1978"]
[BlackElo "2180"]

1.e4 c5 2.Nf3 e6 3.d4 cxd4 4.Nxd4 a6 5.Nc3 b5 6.a3 Bb7 7.Bd3 Qb6 8.Nb3 Qc7
9.O-O Nf6 10.Qe2 d6 11.Bf4 Nbd7 12.Rad1 e5 13.Bg3 Be7 14.f4 O-O 15.Nd5 Nxd5
16.exd5 Bf6 17.fxe5 Bxe5 18.Bxe5 Nxe5 19.Qh5 g6 20.Qh6 Bxd5 21.Rf4 Bxb3 22.Rh4 f5
23.cxb3 Ng4 24.Rxg4 fxg4 25.Be4 Rae8 26.Bd5+ Kh8 27.Qd2 Qc5+ 28.Kh1 Rf2 29.Qc3+ Qxc3
30.bxc3 Rd2  0-1

[Event "61st ch-RUS w 1st League"]
[Site "Ivanovo RUS"]
[Date "2011.02.28"]
[Round "8"]
[White "Bibilashvili,A"]
[Black "Kindinova,E"]
[Result "1/2-1/2"]
[WhiteElo "1926"]
[BlackElo "2188"]

1.e4 c5 2.Nf3 e6 3.d4 cxd4 4.Nxd4 a6 5.Nc3 b5 6.Bd3 Bb7 7.Nb3 b4 8.Ne2 Nf6
9.f3 Qb6 10.Bg5 Be7 11.Qd2 Nc6 12.Be3 Qc7 13.O-O d5 14.exd5 Nxd5 15.Bf2 Ne5
16.Be4 O-O 17.Nbd4 Nc4 18.Qc1 Bd6 19.g3 Rac8 20.Kg2 Bc5 21.Bxd5 Bxd5 22.c3 Qb7
23.cxb4 Bxb4 24.Nc3 Nxb2 25.Qxb2 Bxc3 26.Qxb7 Bxb7 27.Rab1 Bd5 28.Nb3 Bb4
29.Rfc1 h6 30.Bc5 Bxc5 31.Nxc5 Bxa2 32.Ra1 Bd5 33.Rxa6 Rb8 34.Rc2 Rfc8 35.Ra3 Rb1
36.Rac3 Ra8 37.Nd7 Raa1 38.Rc8+ Kh7 39.Nf8+ Kg8 40.Nxe6+ Kh7 41.Nf8+  1/2-1/2

[Event "11th Mediterranean Flower WGM"]
[Site "Rijeka CRO"]
[Date "2011.02.28"]
[Round "3"]
[White "Olsarova,T"]
[Black "Kolaric,S"]
[Result "1-0"]
[WhiteElo "2216"]
[BlackElo "2049"]

1.e4 c5 2.Nf3 e6 3.d4 cxd4 4.Nxd4 a6 5.Nc3 b5 6.Bd3 d6 7.O-O Nf6 8.Qe2 Be7
9.Kh1 O-O 10.a3 Bb7 11.f4 Nc6 12.Be3 Rc8 13.Rae1 Nxd4 14.Bxd4 Qc7 15.e5 Ne8
16.f5 exf5 17.Bxf5 Rb8 18.e6 Bf6 19.e7  1-0

[Event "27th Open"]
[Site "Cappelle la Grande FRA"]
[Date "2011.03.02"]
[Round "6.38"]
[White "Fier,A"]
[Black "Heurtebize,O"]
[Result "0-1"]
[WhiteElo "2571"]
[BlackElo "2227"]

1.e4 c5 2.Nf3 e6 3.d4 cxd4 4.Nxd4 a6 5.Nc3 Qc7 6.Qf3 d6 7.Be3 Nd7 8.O-O-O b5
9.Qh5 Ngf6 10.Nxe6 Qb7 11.Nxg7+ Bxg7 12.Qg5 Bf8 13.Bd4 Rg8 14.Qe3 Be7 15.f3 Ne5
16.Kb1 Be6 17.g4 Rc8 18.g5 b4 19.gxf6 bxc3 20.Bxc3 Bxf6 21.Rxd6 Ng4 22.fxg4 Rxc3
23.Qc1 Rc6 24.Rxc6 Qxc6 25.h3 Qxe4 26.Rh2 Ke7 27.Re2 Qa4 28.c4 Bg5 29.Qc2 Qxc2+
30.Rxc2 Rd8 31.Be2 Rd2 32.Rxd2 Bxd2 33.Kc2 Be1 34.Bd3 h6 35.Kd1 Bf2 36.b4 Kf6
37.Kc2 Ke5 38.a3 Kd4 39.c5 Bc8 40.Bf1 Bg3 41.Kb3 Bc7 42.Bg2 Be6+ 43.Kc2 Bc4
44.Kb2 f6 45.Kc2 Be5 46.Kd2 Bd3  0-1

[Event "27th Open"]
[Site "Cappelle la Grande FRA"]
[Date "2011.03.03"]
[Round "7.56"]
[White "Kovchan,A"]
[Black "Weimann,M"]
[Result "1-0"]
[WhiteElo "2561"]
[BlackElo "2180"]

1.e4 c5 2.Nf3 e6 3.d4 cxd4 4.Nxd4 a6 5.Nc3 Qc7 6.Bd3 Nc6 7.Nxc6 bxc6 8.O-O d5
9.Qf3 Nf6 10.Re1 Bb7 11.Bf4 Qa5 12.Bd2 Qc7 13.Bf4 Qa5 14.Rab1 Be7 15.e5 Nd7
16.Qg3 Kf8 17.Bd2 Qc7 18.Na4 c5 19.c4 d4 20.b4 h5 21.Nxc5 Nxc5 22.bxc5 Bxc5
23.h4 Bc6 24.Qf4 a5 25.Be4 Rh6 26.Qf3 Bxe4 27.Qxe4 Rc8 28.Bxh6 gxh6 29.Rb7  1-0

[Event "Noteboom Memorial GpA"]
[Site "Leiden NED"]
[Date "2011.03.04"]
[Round "1"]
[White "Doberitz,P"]
[Black "De Niet,GM"]
[Result "1-0"]
[WhiteElo "2226"]
[BlackElo "2192"]

1.e4 c5 2.Nf3 e6 3.d4 cxd4 4.Nxd4 a6 5.Nc3 Qc7 6.Be3 Bb4 7.Qd2 Nf6 8.Bd3 d5
9.e5 Qxe5 10.O-O-O Qc7 11.Bf4 Qa5 12.Nb3 Qd8 13.a3 Be7 14.h4 Nc6 15.Rde1 b5
16.g4 b4 17.axb4 Bxb4 18.Qe2 d4 19.Ne4 Bxe1 20.Nd6+ Kf8 21.Rxe1 Nd5 22.Bg3 h6
23.Bc4 Ncb4 24.Nxd4 Bd7 25.c3 Qb6 26.Qf3 f6 27.Nxe6+ Bxe6 28.Rxe6 Rc8 29.Bxd5 Nxd5
30.Qxd5 Qc6 31.Qxc6 Rxc6 32.Re8+  1-0

[Event "11th Mediterranean Flower"]
[Site "Rijeka CRO"]
[Date "2011.03.04"]
[Round "8"]
[White "Olsarova,K"]
[Black "Kolaric,S"]
[Result "1/2-1/2"]
[WhiteElo "2195"]
[BlackElo "2049"]

1.e4 c5 2.Nf3 e6 3.d4 cxd4 4.Nxd4 a6 5.Nc3 b5 6.Bd3 d6 7.Qe2 Nf6 8.Bd2 Be7
9.a4 b4 10.Na2 Qb6 11.Nb3 Nc6 12.O-O e5 13.a5 Qb7 14.Nac1 O-O 15.c4 Be6 16.Kh1 Nd7
17.Be3 Nc5 18.Nd2 Qc7 19.Ncb3 Rac8 20.f3 Kh8 21.Rfc1 Qd7 22.Bc2 f6 23.Nxc5 dxc5
24.Ba4 Qc7 25.Bxc6 Qxc6 26.Nb3 Rfd8 27.Rd1 Rd4 28.Bxd4 cxd4 29.Nd2 b3 30.Qd3 Bxc4
31.Nxc4 Qxc4 32.Qxc4 Rxc4 33.Rd3 h6 34.Rxb3 Bb4 35.Rd3 Rc2 36.h4 Rxb2 37.Kg1 Bc3
38.Kf1 Rb5 39.Ra2 h5 40.Ke2 Kg8 41.g3 Kf7 42.f4 exf4 43.gxf4 g5 44.hxg5 fxg5
45.fxg5 Rxg5 46.Kf3 Ke6 47.Ra4 Rc5 48.Kf4 Rc8 49.Raxd4 Bxd4 50.Rxd4 Rc5 51.Ra4  1/2-1/2

[Event "11th Mediterranean Flower"]
[Site "Rijeka CRO"]
[Date "2011.03.04"]
[Round "8"]
[White "Ionica,I"]
[Black "Vasilevich,I"]
[Result "0-1"]
[WhiteElo "2248"]
[BlackElo "2327"]

1.e4 c5 2.Nf3 e6 3.d4 cxd4 4.Nxd4 a6 5.Nc3 b5 6.Bd3 Qb6 7.Nb3 Qc7 8.O-O Bb7
9.Qe2 Be7 10.f4 b4 11.Nd1 Nc6 12.Nf2 d6 13.Kh1 Nf6 14.Bd2 O-O 15.Rae1 e5
16.Ng4 Nxg4 17.Qxg4 exf4 18.Rxf4 Ne5 19.Qg3 Ng6 20.Bxb4 Nxf4 21.Qxf4 Rac8
22.Bc3 Rfe8 23.Re3 Bf8 24.Rg3 Qe7 25.Bf6 Qe6 26.Nd4 Qxa2 27.h3 g6 28.Nf5 Re6
29.Bd4 Qa4 30.c3 Qe8 31.Rf3 Bxe4 32.Bxe4 Rxe4 33.Nh6+ Bxh6 34.Qxh6 Rxd4 35.cxd4 Qe4
36.Qd2 Rc2 37.Qb4 Qe2 38.Rg3 Qf1+ 39.Kh2 Qf4 40.Qb3 Rd2 41.d5 h5 42.Qe3 Qxe3
43.Rxe3 Rxd5 44.Ra3 a5 45.Kg3 Kg7 46.Kf3 Kf6 47.Ke4 Rb5 48.b3 Kg5 49.Kd4 f5
50.Kc4 Rc5+ 51.Kd4 Rb5 52.Kc4 Re5 53.Ra2 Kf4 54.Rd2 Rc5+ 55.Kd4 h4 56.Re2 Re5
57.Rc2 Kg3 58.Rc6 Re2  0-1

[Event "ch-Subotica Open 2011"]
[Site "Subotica SRB"]
[Date "2011.03.04"]
[Round "6"]
[White "Nadj Hedjesi,B"]
[Black "Meszaros,B"]
[Result "0-1"]
[WhiteElo "2363"]
[BlackElo "2307"]

1.e4 c5 2.Nc3 e6 3.Nge2 a6 4.d4 cxd4 5.Nxd4 Nc6 6.Be3 Nf6 7.a3 Qc7 8.Be2 Be7
9.f4 d6 10.g4 b5 11.g5 Nd7 12.Nxc6 Qxc6 13.Qd4 O-O 14.O-O-O Bb7 15.Rhf1 Nc5
16.Bf3 Rfc8 17.Rf2 a5 18.f5 e5 19.Qd5 Qd7 20.Qa2 b4 21.f6 bxc3 22.Bxc5 cxb2+
23.Kb1 Rxc5 24.fxe7 Qxe7 25.h4 Rac8 26.Bg4 Rf8 27.Bf3 Bc6 28.h5 Qxg5 29.Qb3 a4
30.Qd3 Qe7 31.Rg1 Kh8 32.Rfg2 Rg8 33.Qe3 Qf6 34.Rg5 Bd7 35.Be2 Be6 36.Rf1 Qe7
37.Rfg1 Qc7 38.Bd3 f6 39.R5g2 Rc3 40.h6 g6 41.Qf2 Rf8 42.Kxb2 Rxd3  0-1

[Event "TCh-CAT Div Hon"]
[Site "Barcelona ESP"]
[Date "2011.03.05"]
[Round "6"]
[White "Pueyo Burrell,D"]
[Black "Lopez Agustench,E"]
[Result "0-1"]
[WhiteElo "2156"]
[BlackElo "2255"]

1.e4 c5 2.Nf3 e6 3.d4 cxd4 4.Nxd4 a6 5.Nc3 Qc7 6.g3 Bb4 7.Ne2 Nf6 8.Bg2 Be7
9.O-O Nc6 10.a4 d6 11.h3 b6 12.Be3 Bb7 13.f4 O-O 14.g4 Rfe8 15.Qe1 Rab8 16.Qf2 Nd7
17.g5 Bf8 18.Rad1 Bc8 19.Rd2 b5 20.axb5 axb5 21.Nd4 Nxd4 22.Bxd4 b4 23.Na4 e5
24.fxe5 Nxe5 25.Nb6 Be6 26.Nd5 Bxd5 27.exd5 g6 28.Qf4 Bg7 29.Rdf2 Rf8 30.Kh1 f5
31.gxf6 Rxf6 32.Qg5 Rxf2 33.Rxf2 b3 34.c3 Ra8 35.Bxe5 Bxe5 36.Qg4 Ra1+ 37.Rf1 Rxf1+
38.Bxf1 Qa7 39.Kg2 Qe3 40.Qe6+ Kf8 41.Qg4 Qd2+ 42.Qe2 Qc2 43.Kf2 Bf4 44.Kf3 Bg5
45.Kg2 Kg7 46.Kf3 h5 47.Kg2 Bf6 48.Kf3 Qf5+ 49.Kg2 Qxd5+ 50.Qf3 Qd2+ 51.Qe2 Qc2
52.Kf3 Be5 53.Ke3 Qc1+ 54.Kd3 Qb1+ 55.Kc4 Qa2 56.Qd1 Qxb2 57.Qxb3 Qc1 58.Qb7+ Kh6
59.Qf3 Qd2 60.Qf8+ Bg7 61.Qf3 Qa2+ 62.Kd3 d5 63.Qe3+ Kh7 64.Be2 Qb1+ 65.Kd2 Bh6  0-1

[Event "27th Open"]
[Site "Cappelle la Grande FRA"]
[Date "2011.03.05"]
[Round "9.10"]
[White "Delchev,A"]
[Black "Jojua,D"]
[Result "1-0"]
[WhiteElo "2629"]
[BlackElo "2515"]

1.e4 c5 2.Nf3 e6 3.d4 cxd4 4.Nxd4 a6 5.Nc3 b5 6.Bd3 d6 7.O-O Nf6 8.a4 b4
9.Na2 e5 10.Nf5 Bxf5 11.exf5 Nc6 12.Bg5 d5 13.Qe2 Qa5 14.Nc1 Qb6 15.Nb3 Qb7
16.Bb5 axb5 17.axb5 Rxa1 18.Rxa1 Nd8 19.Qxe5+ Be7 20.Re1 Kf8 21.b6 h6 22.Bxf6 gxf6
23.Qc7  1-0

[Event "TCh-CZE 2010-11"]
[Site "Czech Rep CZE"]
[Date "2011.03.05"]
[Round "8.7"]
[White "Suran,J"]
[Black "Zpevak,P"]
[Result "1/2-1/2"]
[WhiteElo "2371"]
[BlackElo "2391"]

1.e4 c5 2.Nf3 e6 3.d4 cxd4 4.Nxd4 a6 5.Nc3 Qc7 6.Be2 Nf6 7.O-O Nc6 8.Kh1 Be7
9.f4 d6 10.Nxc6 bxc6 11.Qe1 d5 12.Bd3 O-O 13.e5 Nd7 14.Na4 c5 15.c4 Bb7 16.Qe2 dxc4
17.Bxc4 f6 18.Bxe6+ Kh8 19.Bxd7 Qxd7 20.Nb6 Qc6 21.Nxa8 fxe5 22.Nb6 Qxb6
23.fxe5 Rd8 24.Bf4 Qg6 25.a4 h6 26.Ra3 Rf8 27.Rc3 Qc6 28.Rcc1 Qxa4 29.Bg3 Re8
30.e6 Qc6 31.b4 Bf6 32.bxc5 Rxe6 33.Qf3 Qxf3 34.gxf3 Bd4 35.Bd6 Bc6 36.Rcd1 Bc3
37.Bf4 Bb5 38.Rf2 Bb4 39.Rd6 Re1+ 40.Kg2 Bxc5 41.Rd8+ Kh7 42.Rc8 Bxf2 43.Kxf2 Re2+
44.Kg3 Re7 45.Rc7 Rxc7 46.Bxc7 Kg6 47.Ba5 Kf5 48.f4 Ke4 49.Bc3 g6 50.h4 Kd3
51.Ba5 Bd7 52.Kf2 Bc6 53.Bd8 Bd5 54.Bc7 Be4 55.Bd8 Bf5 56.Bc7 Ke4 57.Ke2 Bg4+
58.Kd2 Bd7 59.Kc3 Kf5 60.Bd6 Kg4 61.Bf8 g5 62.fxg5 h5 63.g6 Kxh4 64.Kb4  1/2-1/2

[Event "1st Donetsk Masters"]
[Site "Donetsk UKR"]
[Date "2011.03.05"]
[Round "11"]
[White "Vatinyan,G"]
[Black "Volovikov,An"]
[Result "0-1"]
[WhiteElo "1960"]
[BlackElo "2324"]

1.e4 c5 2.Nf3 e6 3.d4 cxd4 4.Nxd4 a6 5.Nc3 b5 6.Bd3 Qb6 7.Nb3 Qc7 8.O-O Nf6
9.Kh1 Bb7 10.f3 b4 11.Ne2 d5 12.e5 Qxe5 13.Bf4 Qxb2 14.a4 Nh5 15.Bd2 Qe5
16.g4 Bd6 17.Rf2 d4 18.gxh5 Bxf3+ 19.Kg1 Qxh5 20.Qf1 Bb7 21.Bf4 Qg4+ 22.Ng3 e5
23.Bf5 Qh4 24.Ne4 Bc7 25.Bg3 Qe7 26.Qc4 O-O 27.Nec5 Bc6 28.Qxb4 g6 29.Bh3 h5
30.Raf1 h4 31.Qc4 hxg3 32.Rxf7 gxh2+ 33.Kxh2 e4+ 34.Kg1 Rxf7 35.Rxf7 Qg5+
36.Bg2 Bd5 37.Qxd5 Bh2+ 38.Kxh2 Qxd5 39.Re7 Qd6+  0-1

[Event "Noteboom Memorial GpA"]
[Site "Leiden NED"]
[Date "2011.03.06"]
[Round "5"]
[White "Heltzel,J"]
[Black "Fedorchuk,S"]
[Result "0-1"]
[WhiteElo "2228"]
[BlackElo "2662"]

1.e4 c5 2.Nf3 e6 3.d4 cxd4 4.Nxd4 a6 5.Nc3 d6 6.Bc4 Nc6 7.O-O Na5 8.Bb3 Nf6
9.f4 Nxb3 10.axb3 Be7 11.Kh1 O-O 12.e5 dxe5 13.fxe5 Nd7 14.Bf4 Qb6 15.Ndb5 Qc6
16.Qg4 Kh8 17.Rf3 Rg8 18.Qh5 f5 19.Nd4 Qb6 20.Rh3 Nf8 21.Be3 Qc7 22.Nf3 Bd7
23.Bg5 Be8 24.Qh4 Bxg5 25.Nxg5 h6 26.Qb4 Rd8 27.Nf3 Ng6 28.Ne2 Qxc2 29.Ned4 Qxb2
30.Rg1 Nf4 31.Rh4 Nd3  0-1

[Event "Elitzur Winter IM"]
[Site "Petach Tikva ISR"]
[Date "2011.03.08"]
[Round "8"]
[White "Sheshkin,M"]
[Black "Kantsler,B"]
[Result "0-1"]
[WhiteElo "2255"]
[BlackElo "2433"]

1.e4 c5 2.Nf3 e6 3.d4 cxd4 4.Nxd4 a6 5.Nc3 b5 6.Bd3 Bb7 7.O-O Nc6 8.Nxc6 Bxc6
9.Re1 Bc5 10.e5 f5 11.Qh5+ g6 12.Qh3 b4 13.Nd1 Qc7 14.Bf4 Ne7 15.Qh6 Kf7
16.Ne3 Ng8 17.Qh4 Qb7 18.Bf1 Kg7 19.Nc4 h6 20.Nd6 Qb6 21.Be3 Bxe3 22.Rxe3 a5
23.Rd1 Qc5 24.Rdd3 Rf8 25.c4 g5 26.Qh5 Ne7 27.h4 g4 28.Rg3 Ng6 29.Rde3 Nf4
30.Rxg4+ fxg4 31.Qxg4+ Kh7 32.Qd1 Rhg8 33.g3 Nh3+  0-1

[Event "ch-Southern FR Men"]
[Site "Armavir RUS"]
[Date "2011.03.12"]
[Round "1"]
[White "Kudelya,I"]
[Black "Pudovkin,D"]
[Result "1-0"]
[WhiteElo "1976"]
[BlackElo "2330"]

1.e4 c5 2.Nf3 e6 3.Nc3 a6 4.d4 cxd4 5.Nxd4 b5 6.Be2 Qc7 7.O-O Bb7 8.Bf3 d6
9.Re1 Nf6 10.a3 Be7 11.g3 O-O 12.Bg2 Nbd7 13.f4 Rfd8 14.Qe2 Rac8 15.Kh1 g6
16.Nb3 Nb6 17.Na5 Ba8 18.Bd2 d5 19.e5 Ne8 20.Rac1 h5 21.h3 Ng7 22.g4 hxg4
23.hxg4 Bh4 24.Red1 Nd7 25.Nb3 g5 26.Nd4 gxf4 27.Bxf4 Nf8 28.Rf1 Ng6 29.Bh2 Bg5
30.Rcd1 Rd7 31.Rd3 Nh4 32.Rh3 Nxg2 33.Qxg2 Qc4 34.Bg1 f6 35.b3 Qxf1 36.Qxf1 fxe5
37.Qe2 Bf4 38.Rf3 Rf7 39.Qf1 Rcf8 40.Nce2 Bg5 41.Rxf7 Rxf7 42.Qg2 exd4 43.Bxd4 Bb7
44.Qg3 Rf1+ 45.Kg2 Rf7 46.Qe5 Be7 47.Qb8+ Bf8 48.Nf4 e5 49.Qxe5 Re7 50.Qb8  1-0

[Event "TCh-CAT Div Hon"]
[Site "Barcelona ESP"]
[Date "2011.03.12"]
[Round "7"]
[White "Felgaer,R"]
[Black "Navara,D"]
[Result "0-1"]
[WhiteElo "2585"]
[BlackElo "2708"]

1.e4 c5 2.Nc3 e6 3.Nf3 a6 4.d4 cxd4 5.Nxd4 Nc6 6.Be2 d6 7.O-O Nf6 8.Be3 Be7
9.a4 Bd7 10.Nb3 Na5 11.Nxa5 Qxa5 12.Qd2 Rc8 13.f3 Qb4 14.Ra3 Bc6 15.Rb3 Qa5
16.Bb6 Qh5 17.Rf2 O-O 18.g4 Qh4 19.Rg2 Nd7 20.Bf2 Qg5 21.Be3 Qg6 22.h4 Bxh4
23.f4 Nc5 24.f5 Qf6 25.Rb4 Qe7 26.Bf3 Bf6 27.Nd5 exd5 28.g5 Bxb2 29.Rxb2 Nxe4
30.Qd4 Qe5 31.f6 Rfe8 32.fxg7 Nxg5 33.Rxg5 Qxe3+ 34.Qxe3 Rxe3 35.Bxd5 Re5
36.Rxe5 dxe5 37.Bxc6 Rxc6 38.Rxb7 Kxg7  0-1

[Event "FSIM March"]
[Site "Budapest HUN"]
[Date "2011.03.12"]
[Round "8"]
[White "Szalanczy,E"]
[Black "Tesik,C"]
[Result "1-0"]
[WhiteElo "2269"]
[BlackElo "2299"]

1.e4 c5 2.Nf3 e6 3.d4 cxd4 4.Nxd4 a6 5.Nc3 Qc7 6.f4 Bb4 7.Bd2 Bxc3 8.bxc3 d6
9.Qg4 g6 10.Qg5 Qe7 11.h4 Nf6 12.Bd3 h6 13.Qg3 e5 14.fxe5 dxe5 15.Ne2 Nc6
16.c4 Ng4 17.Nc3 Be6 18.Nd5 Qd8 19.O-O h5 20.Bg5 Qd6 21.Kh1 Rf8 22.Rf6 Nxf6
23.Nxf6+ Kd8 24.Rf1 Kc8 25.Nd5 Kb8 26.Rf6 Rc8 27.Be3 Qd8 28.Bb6 Qd6 29.c5 Qd7
30.c4 Re8 31.Be2 Bg4 32.Rd6 Qc8 33.Nf6 Re6 34.Nd7+  1-0

[Event "Frauenbundesliga 1st Div 2010-11"]
[Site "Germany GER"]
[Date "2011.03.12"]
[Round "10.1"]
[White "Fojudzka,Anna"]
[Black "Steinbacher,C"]
[Result "1-0"]
[WhiteElo "2221"]
[BlackElo "2112"]

1.e4 c5 2.Nf3 a6 3.Nc3 e6 4.d4 cxd4 5.Nxd4 Qc7 6.Be3 Nf6 7.Bd3 Be7 8.O-O O-O
9.f4 d6 10.a4 b6 11.Qe2 Bb7 12.Rae1 Nc6 13.Nxc6 Qxc6 14.Bd4 e5 15.Be3 Rfe8
16.fxe5 dxe5 17.Nd5 Bd8 18.b3 Rf8 19.c4 Nd7 20.Bc2 Rc8 21.Rf2 a5 22.Qg4 Nc5
23.Ref1 Qg6 24.Qf3 Rc6 25.Rd1 Bc8 26.h3 Ne6 27.Qf5 Qxf5 28.exf5 Nc5 29.Re2 f6
30.Red2 Kf7 31.b4 Nb7 32.b5 Rd6 33.Be4 Ke8 34.Kh1 g6 35.fxg6 f5 36.g7 Rg8
37.Bf3 Rxg7 38.Nf6+ Ke7 39.Rxd6 Nxd6 40.Nd5+ Ke6 41.Nxb6 Bxb6 42.Bd5+ Ke7
43.Bxb6 Nb7 44.c5 Rg3 45.c6 Nd6 46.Bxa5 Ra3 47.Bb4 Rxa4 48.Bc5  1-0

[Event "TCh-SVK Extraliga 2010-11"]
[Site "Slovakia SVK"]
[Date "2011.03.12"]
[Round "7.8"]
[White "Tauber,Mar"]
[Black "Sromovsky,J"]
[Result "1-0"]
[WhiteElo "2192"]
[BlackElo "2033"]

1.e4 c5 2.Nf3 e6 3.d4 cxd4 4.Nxd4 a6 5.Nc3 Qc7 6.g3 Nf6 7.Bg2 Be7 8.O-O Nc6
9.Re1 O-O 10.Nxc6 dxc6 11.e5 Rd8 12.Qf3 Nd5 13.h4 Nxc3 14.Qxc3 Bd7 15.Bg5 Be8
16.Be4 h6 17.Bf4 Qb6 18.Be3 Qc7 19.Red1 Rac8 20.b4 b6 21.Kg2 f5 22.Bd3 Qb7
23.f3 b5 24.Be2 Rd5 25.Rxd5 cxd5 26.Qd2 Bf8 27.Bd4 Qc7 28.c3 Ra8 29.Qe3 Qc6
30.a3 Rc8 31.Bd3 Rc7 32.Qe2 g6 33.a4 Rb7 34.axb5 axb5 35.Ra5 Kh7 36.Qa2 Be7
37.Ra8 Bd7 38.Qa5 Kg7 39.Ra6 Qc8 40.Ra8 Qc6 41.Kh3 Kh7 42.Bc5 Bxc5 43.Qd8 Be8
44.bxc5 b4 45.cxb4 Rxb4 46.Qe7+  1-0

[Event "ch-FRA Rapid 2011"]
[Site "Nancy FRA"]
[Date "2011.03.13"]
[Round "4"]
[White "Maze,S"]
[Black "Pigeat,A"]
[Result "0-1"]
[WhiteElo "2559"]
[BlackElo "1741"]

1.e4 c5 2.Nf3 e6 3.d4 cxd4 4.Nxd4 a6 5.Nc3 Nc6 6.Nxc6 bxc6 7.e5 Qc7 8.Qe2 d5
9.exd6 Bxd6 10.g3 Bb7 11.Ne4 Rd8 12.Nxd6+ Qxd6 13.Bg2 Ne7 14.O-O O-O 15.Bf4 Qb4
16.c3 Qb6 17.Be3 Qc7 18.c4 Nf5 19.Bc5 Rfe8 20.Rfd1 h6 21.b4 a5 22.a3 Ba6
23.Qc2 Nd6 24.Bf1 Nb7 25.Be3 Nd6 26.c5 Nb5 27.Qb2 Qb7 28.bxa5 Nc7 29.Qb6 Rb8
30.Rd7 Rec8 31.Bxa6 Qxa6 32.Rxc7 Rxb6 33.Rxc8+ Qxc8 34.cxb6 Kf8 35.Rb1 Ke8
36.b7 Qb8 37.a6 Qd8  0-1

[Event "TCh-SVK Extraliga 2010-11"]
[Site "Slovakia SVK"]
[Date "2011.03.13"]
[Round "8.8"]
[White "Palecek,P"]
[Black "Banas,J"]
[Result "1/2-1/2"]
[WhiteElo "2254"]
[BlackElo "2306"]

1.e4 c5 2.Nf3 e6 3.d4 cxd4 4.Nxd4 a6 5.Nc3 Qc7 6.Bd3 Nf6 7.O-O Nc6 8.Nxc6 bxc6
9.Qe2 d5 10.f4 Be7 11.Kh1 g6 12.exd5 cxd5 13.Be3 O-O 14.Bd4 Bb7 15.Rae1 Rfe8
16.Qd2 Nd7 17.Re3 Bf6 18.Ne2 Bg7 19.Bxg7 Kxg7 20.Nd4 Nf6 21.c3 Ne4 22.Bxe4 dxe4
23.Rh3 f5 24.Re3 Rad8 25.Qf2 e5 26.fxe5 Qxe5 27.Kg1 Kh8 28.Qf4 Qxf4 29.Rxf4 Bc8
30.h4 h6 31.Rf1 Rd5 32.Rfe1 Bb7 33.g3 Ra5 34.a3 Kg7 35.Rf1 Rae5 36.h5 Rf8
37.hxg6 Kxg6 38.Rf4 h5 39.Rh4 Rd8 40.Kf2 Ree8 41.Re1 Bd5 42.Ke3 Kg5  1/2-1/2

[Event "TCh-SVK Extraliga 2010-11"]
[Site "Slovakia SVK"]
[Date "2011.03.13"]
[Round "8.4"]
[White "Jurcik,Mart"]
[Black "Schwarz,Du"]
[Result "1-0"]
[WhiteElo "2378"]
[BlackElo "2294"]

1.e4 c5 2.Nf3 e6 3.d4 cxd4 4.Nxd4 a6 5.Nc3 b5 6.Bd3 Qb6 7.Nb3 Qc7 8.O-O Nf6
9.Qe2 Bb7 10.f4 d6 11.Bd2 Nbd7 12.Kh1 Be7 13.a4 b4 14.Na2 Nc5 15.Nxc5 dxc5
16.e5 Nd7 17.a5 O-O 18.c3 bxc3 19.Nxc3 Rfd8 20.Bc4 g6 21.Be3 Nb8 22.Qf2 Bd5
23.Bxd5 exd5 24.f5 Bf8 25.fxg6 hxg6 26.Rad1 d4 27.Ne4 Bg7 28.Bg5 Nc6 29.Nf6+ Kf8
30.Qh4 Bxf6 31.Bxf6 Ke8 32.Qh8+ Kd7 33.Qh3+ Ke8 34.e6 fxe6 35.Qxe6+ Ne7 36.Bxe7 Qxe7
37.Qc6+  1-0